000 00322nam a22001337a 4500
008 170508b xxu||||| |||| 00| 0 eng d
020 _a9780205274802
041 _aeng
080 _a343.9
100 _a15
101 _aSHJ
245 _aDATA ANALYSIS FOR CRIMINAL JUSTICE AND CRIMONOLOGY
_cMC KEAN, J
942 _2udc
_cBK
999 _c12884
_d12884